[Event "Campeonato Continental Absolut"]
[Site "Cali COL"]
[Date "2007.07.19"]
[Round "10"]
[White "Gutierrez,JA"]
[Black "Salazar,C"]
[Result "1/2-1/2"]
[WhiteElo "2283"]
[BlackElo "2215"]

1.e4 c5 2.Nf3 e6 3.d4 cxd4 4.Nxd4 a6 5.Nc3 Qc7 6.g3 Bb4 7.Ne2 Nf6 8.Bg2 Be7
9.O-O O-O 10.h3 Nc6 11.Bf4 d6 12.Qd2 b5 13.g4 Bb7 14.a4 b4 15.Na2 a5 16.Ng3 Ne5
17.b3 d5 18.c3 bxc3 19.Qxc3 Qxc3 20.Nxc3 Nd3 21.Bg5 Rfc8 22.Nb5 dxe4 23.Bxf6 Bxf6
24.Nd6 Bxa1 25.Rxa1 Bd5 26.Nxc8 Rxc8 27.Bxe4 Rc3 28.Bxd5 exd5 29.Nf5 g6 30.Ne7+ Kg7
31.Nxd5 Rxb3 32.g5 h6 33.h4 Rb2 34.f4 Rd2 35.Rf1 Nc5 36.Nf6 Ne6 37.f5 gxf5
38.Rxf5 hxg5 39.hxg5 Kg6 40.Rxa5 Rd1+ 41.Kf2 Nxg5 42.Ke2  1/2-1/2

[Event "Campeonato Continental Absolut"]
[Site "Cali COL"]
[Date "2007.07.20"]
[Round "11"]
[White "Prasca,R"]
[Black "Felgaer,R"]
[Result "0-1"]
[WhiteElo "2426"]
[BlackElo "2559"]

1.e4 c5 2.Nf3 e6 3.d4 cxd4 4.Nxd4 a6 5.Nc3 b5 6.Bd3 Qb6 7.Nf3 Qc7 8.O-O Bb7
9.Re1 Be7 10.e5 f5 11.a4 b4 12.Na2 Nc6 13.Bd2 Bc5 14.c3 Qb6 15.Be3 Bxe3 16.Rxe3 Nge7
17.c4 Na5 18.Bf1 Bxf3 19.Rxf3 Nec6 20.Re3 Qc5 21.Qh5+ g6 22.Qh6 Nxe5 23.Qg7 Nf7
24.Rd1 Nc6 25.b3 Qf8 26.Qf6 Nfe5 27.Qxf8+ Rxf8 28.f4 Ng4 29.Red3 Nf6 30.g3 a5
31.Bg2 Ra6 32.Rd6 Ke7 33.c5 Rc8 34.Nc1 Rc7 35.Nd3 Nb8 36.Rd4 Raa7 37.h3 Na6
38.Rc4 Rc8 39.Rdc1 Rac7 40.Kf2 Ne4+ 41.Ke3 Nexc5 42.Nxc5 Nxc5 43.Bb7 d5 44.R4c2 d4+  0-1

[Event "Campeonato Continental Absolut"]
[Site "Cali COL"]
[Date "2007.07.20"]
[Round "11"]
[White "Rios,Cr2"]
[Black "Ortiz,Na"]
[Result "1/2-1/2"]
[WhiteElo "2013"]
[BlackElo "2281"]

1.e4 c5 2.Nf3 e6 3.d4 cxd4 4.Nxd4 a6 5.Nc3 Qc7 6.Be3 Bb4 7.Ne2 Nf6 8.a3 Be7
9.Ng3 O-O 10.Be2 b5 11.O-O Bb7 12.Qd2 d6 13.Rad1 Nbd7 14.f4 Bc6 15.h3 Qb7
16.Bd3 Rfd8 17.Qe2 Bf8 18.Bd4 e5 19.Be3 Re8 20.fxe5 Rxe5 21.Bd4 Re6 22.Qf2 Nc5
23.Nd5 Nxd3 24.Rxd3 Nxd5 25.exd5 Bxd5 26.Nh5 Be4 27.Rg3 Rg6 28.Rxg6 fxg6
29.Nf4 Rc8 30.Ne6 Qe7 31.Qxf8+ Rxf8 32.Rxf8+ Qxf8 33.Nxf8 Kxf8 34.c3 g5 35.g3 Kf7
36.Kf2 h5 37.h4 gxh4 38.gxh4 g6 39.Ke3 Bf5 40.Bb6 Ke6 41.Bd8 Kd5 42.Kd2 Ke4
43.Be7 d5 44.Bg5  1/2-1/2

[Event "Najdorf Mem GpA"]
[Site "Grodzisk Mazowiecki POL"]
[Date "2007.07.20"]
[Round "1"]
[White "Hambardzumian,Y"]
[Black "Janczarski,M"]
[Result "0-1"]
[WhiteElo "2402"]
[BlackElo "2088"]

1.e4 c5 2.Nf3 e6 3.d4 cxd4 4.Nxd4 a6 5.Nc3 Qc7 6.Be2 Nf6 7.O-O Be7 8.f4 d6
9.e5 dxe5 10.fxe5 Qxe5 11.Bf4 Qa5 12.Kh1 e5 13.Nb3 Qc7 14.Bg5 Be6 15.Bxf6 Bxf6
16.Bg4 Bc4 17.Rxf6 gxf6 18.Ne4 Bxb3 19.cxb3 Ke7 20.Qf3 Qc6 21.Qe3 Rd8 22.Rc1 Rd3
23.Qe1 Qb6 24.Rc8 Re3 25.Qf2 h5 26.Be2 Nd7 27.Rc4 Rc8 28.Ng3 Rxg3 29.Qxg3 Rxc4
30.Bxc4 Qd4 31.Qe1 b5 32.Be2 h4 33.h3 Nc5 34.Bg4 Nd3 35.Qxh4 Nf2+ 36.Kh2 Nxg4+
37.hxg4 e4 38.Qg3 Qd6 39.Kh3 Qxg3+ 40.Kxg3 Ke6 41.Kf4 Kd5 42.Ke3 b4 43.a3 a5
44.g3 Ke5 45.Ke2 Kd4 46.Kd2 e3+ 47.Ke1 Kd3 48.Kd1 e2+ 49.Ke1 Ke3  0-1

[Event "Czech Open GMA"]
[Site "Pardubice CZE"]
[Date "2007.07.20"]
[Round "1"]
[White "Bolacky,J"]
[Black "Boros,De"]
[Result "0-1"]
[WhiteElo "2258"]
[BlackElo "2460"]

1.e4 c5 2.Nc3 e6 3.Nf3 a6 4.d4 cxd4 5.Nxd4 Qc7 6.g3 Nc6 7.Nxc6 dxc6 8.Be3 Nf6
9.f3 b5 10.Qd2 Be7 11.Qf2 c5 12.a4 b4 13.Nd1 Nd7 14.b3 Bf6 15.Rb1 O-O 16.Be2 a5
17.O-O Ba6 18.Nb2 Bxe2 19.Qxe2 Bd4 20.Qd2 e5 21.Nd1 f5 22.c3 bxc3 23.Nxc3 Qb7
24.Qd3 Qa6 25.Nb5 fxe4 26.fxe4 Nf6 27.Rf5 Ng4 28.Bxd4 cxd4 29.Qf3 Ne3 30.Nc7 Qb7
31.Nd5 Rxf5  0-1

[Event "33rd Open"]
[Site "Sitges ESP"]
[Date "2007.07.20"]
[Round "3"]
[White "Cuijpers,F"]
[Black "Castaner Halster,X"]
[Result "1-0"]
[WhiteElo "2484"]
[BlackElo "2171"]

1.e4 c5 2.Nf3 e6 3.d4 cxd4 4.Nxd4 a6 5.Nc3 Qc7 6.Be2 Nf6 7.O-O Bb4 8.Qd3 Nc6
9.Nxc6 bxc6 10.f4 d5 11.e5 Nd7 12.Be3 a5 13.Na4 Ba6 14.Qd1 O-O 15.Bxa6 Rxa6
16.c4 dxc4 17.Qe2 Be7 18.Rac1 c5 19.Rxc4 Rc6 20.Rfc1 Nb6 21.Nxb6 Qxb6 22.a3 Qb3
23.R4c3 Qa2 24.R1c2 Qb1+ 25.Qf1 Qxf1+ 26.Kxf1 Rfc8 27.b4 axb4 28.axb4 f6
29.exf6 gxf6 30.Bxc5 Kf7 31.Ke2 f5 32.Bd4 Rxc3 33.Rxc3 Rb8 34.Bc5 Bxc5 35.bxc5 Rb2+
36.Kf3 Ke7 37.c6 Kd8 38.h3 Kc7 39.g4 Rb6 40.g5 Rb1 41.Kg2 Rb4 42.Kg3 Rb1
43.Kg2 Rb4 44.Kg3 Rb1 45.h4 Rg1+ 46.Kh3 Rh1+ 47.Kg3 Rg1+ 48.Kh2 Rg4 49.h5 Rxf4
50.g6 hxg6 51.hxg6 Rh4+ 52.Rh3 Rg4 53.Rg3 Rh4+ 54.Rh3 Rg4 55.Rg3 Rh4+ 56.Kg2 Rh8
57.Kf3 e5 58.g7 Rg8 59.Rg6 Kb6 60.Kg3 Kc7 61.Kf3 Kb6 62.Ke3 Kc7 63.Kd3 f4
64.Ke4 Kb6 65.Rg1 f3 66.Kxf3 Kxc6 67.Ke4 Kd6 68.Kf5 Kd5 69.Rd1+ Kc4 70.Rd7 Re8
71.Re7  1-0

[Event "Najdorf Mem GpA"]
[Site "Grodzisk Mazowiecki POL"]
[Date "2007.07.21"]
[Round "2"]
[White "Gluszko,T"]
[Black "Adamski,J"]
[Result "1-0"]
[WhiteElo "2119"]
[BlackElo "2354"]

1.e4 c5 2.Nf3 e6 3.Nc3 a6 4.d4 cxd4 5.Nxd4 b5 6.Bd3 d6 7.O-O Nf6 8.Qe2 b4
9.Nd1 Bb7 10.c3 bxc3 11.Nxc3 Nbd7 12.f4 Be7 13.g4 Nc5 14.Bb1 Qb6 15.Be3 h5
16.g5 Ng4 17.g6 fxg6 18.Nxe6 Nxe3 19.Qxe3 Kf7 20.Nd5 Qxb2 21.Nxc5 dxc5 22.Nxe7 Kxe7
23.Qxc5+ Ke8 24.Bd3 Rc8 25.Qe3 Qf6 26.Rab1 Rc7 27.Rb6 Qe7 28.e5 Rh6 29.Rd6 g5
30.Bg6+ Rxg6 31.Rxg6 Rc2 32.Rf2 gxf4 33.Qxf4 Rxf2 34.Kxf2 Qc5+ 35.Ke1 Qc3+
36.Qd2 Qa1+ 37.Ke2 Qh1 38.Re6+  1-0

[Event "Sun Pawn A"]
[Site "Ilichevsk UKR"]
[Date "2007.07.21"]
[Round "2"]
[White "Pavlov,S2"]
[Black "Garifulin,A"]
[Result "1-0"]
[WhiteElo "2415"]
[BlackElo "2328"]

1.e4 c5 2.Nf3 e6 3.d4 cxd4 4.Nxd4 a6 5.Nc3 Qc7 6.g3 b5 7.a3 Bb7 8.Bg2 Nf6
9.O-O d6 10.Re1 Be7 11.a4 bxa4 12.Nxa4 O-O 13.c4 Nc6 14.Nxc6 Bxc6 15.b3 Qb7
16.Nc3 Rab8 17.Rb1 Rfd8 18.b4 Qc7 19.Bf4 Bb7 20.Qb3 Ng4 21.Nd1 Ne5 22.Nb2 Nc6
23.Nd3 Nd4 24.Qa2 Rbc8 25.Rbc1 Qb8 26.Be3 Bf6 27.f4 Qa8 28.Nf2 Nc6 29.Qd2 e5
30.Bb6 Nd4 31.Bxd4 exd4 32.Ng4 Be7 33.Qxd4 h5 34.Ne3 Bf6 35.Qd3 Qa7 36.Kh1 a5
37.Qa3 Ra8 38.bxa5 Qxa5 39.Qxa5 Rxa5 40.Rb1 Bc6 41.Red1 Kf8 42.Rb6 Ra3 43.Nf1 Ba4
44.Rdxd6 Rc8 45.Ra6 Be7 46.Rd4 Bc5 47.Rd5 Bb4 48.Rxh5 Kg8 49.Rd5 Bf8 50.Rda5 Rxc4
51.Ra8 Ra1 52.Rd8 Rd1 53.Rxa4 Rxf1+ 54.Bxf1 Rxa4 55.e5 g6 56.Rc8 Kg7 57.Rc7 Ra1
58.Kg2 Ra2+ 59.Kh3 Bb4 60.e6 Kf6 61.Rxf7+  1-0

[Event "Sun Pawn Open"]
[Site "Ilichevsk UKR"]
[Date "2007.07.21"]
[Round "2"]
[White "Petrushin,A"]
[Black "Belosvetov,N"]
[Result "0-1"]
[WhiteElo "2474"]
[BlackElo "2325"]

1.Nf3 c5 2.e4 e6 3.Nc3 a6 4.d4 cxd4 5.Nxd4 Qc7 6.Bd3 Nf6 7.O-O Nc6 8.Nxc6 dxc6
9.Be3 e5 10.h3 Bd6 11.a4 b6 12.Ne2 Be6 13.f4 exf4 14.Nxf4 O-O 15.c3 Rfe8
16.Qf3 Kh8 17.g4 Nd7 18.Bd4 Be5 19.Nxe6 fxe6 20.Bc4 c5 21.Be3 Qc6 22.Rad1 b5
23.axb5 axb5 24.Ba2 Bd6 25.Bb1 Ne5 26.Qg2 Nc4 27.Bc1 Be5 28.b3 Nb6 29.Qc2 c4
30.b4 Kg8 31.Be3 Rf8 32.Bd4 Qc7 33.g5 Nd7 34.h4 Rxf1+ 35.Rxf1 Qd6 36.Rd1 Qe7
37.Qg2 Rf8 38.Qg4 Rf4 39.Qh3 Rf8 40.Rd2 Bf4 41.Rg2 Ne5 42.Bc2 Nf3+ 43.Kh1 Nxd4
44.cxd4 Qxb4 45.Qxe6+ Kh8 46.Qh3 Qe1+ 47.Rg1 Qd2 48.Qa3 Qh2+  0-1

[Event "Najdorf Mem GpA"]
[Site "Grodzisk Mazowiecki POL"]
[Date "2007.07.22"]
[Round "3"]
[White "Hambardzumian,Y"]
[Black "Alvarado,C"]
[Result "1/2-1/2"]
[WhiteElo "2402"]
[BlackElo "2191"]

1.e4 c5 2.Nf3 e6 3.d4 cxd4 4.Nxd4 a6 5.Nc3 b5 6.Be2 Bb7 7.Bf3 Qc7 8.O-O Nc6
9.Nxc6 dxc6 10.e5 Qxe5 11.Re1 Qd6 12.Qe2 Nf6 13.a4 b4 14.Ne4 Nxe4 15.Qxe4 Qc7
16.Bf4 Bd6 17.Bxd6 Qxd6 18.Red1 Qc5 19.a5 O-O 20.Rd4 b3 21.c3 Rab8 22.Qh4 Qe5
23.Rb4 Ba8 24.Be4 f5 25.Rxb8 Rxb8 26.Bd3 Bb7 27.Bc4 Re8 28.Bxb3 Qb5 29.Qc4 Kf7
30.Rd1 Qxc4 31.Bxc4 Ke7 32.b4 e5 33.Re1 Kd6 34.f4 e4 35.Kf2 Kc7 36.Ke3 Rd8
37.Be2 Bc8 38.Rd1 Re8 39.Rd4 Rf8 40.c4 Rf6 41.b5 axb5 42.cxb5 cxb5 43.Bxb5 Rh6
44.Rc4+ Kb8 45.h3 Rg6 46.Rc2 Rg3+ 47.Kd4 Ra3 48.Kc5 Rxa5 49.Kb6 Ra1 50.Rd2 Rc1
51.Rd8 Rb1 52.Rg8 g6 53.Rh8 Rb2 54.g4 fxg4 55.hxg4 e3 56.Re8 Rb4 57.f5 gxf5
58.gxf5 e2 59.Rxe2 Bxf5 60.Re8+ Bc8 61.Rh8 h5 62.Rxh5 Rb1  1/2-1/2

[Event "11th Festival Open A"]
[Site "Senta SRB"]
[Date "2007.07.22"]
[Round "3"]
[White "Kolbert,E"]
[Black "Tosic,M"]
[Result "1-0"]
[WhiteElo "2167"]
[BlackElo "2437"]

1.e4 c5 2.Nf3 e6 3.d4 cxd4 4.Nxd4 a6 5.Nc3 d6 6.Be2 Nf6 7.O-O Bd7 8.f4 Nc6
9.Be3 Be7 10.a4 O-O 11.Kh1 Qc7 12.Nb3 b6 13.g4 Bc8 14.g5 Nd7 15.Bd3 Re8 16.Qh5 g6
17.Qh6 Bf8 18.Qh4 Bg7 19.f5 Nce5 20.f6 Bf8 21.Rf4 Nc5 22.Nxc5 bxc5 23.Rg1 d5
24.Rg3 Nxd3 25.Qxh7+  1-0

[Event "ch-Gdansk"]
[Site "Gdansk POL"]
[Date "2007.07.23"]
[Round "3"]
[White "Dombrowski,B"]
[Black "Bieluszewski,P"]
[Result "0-1"]
[WhiteElo "1942"]
[BlackElo "2144"]

1.e4 c5 2.Nf3 e6 3.d4 cxd4 4.Nxd4 a6 5.Nc3 Qc7 6.g3 Nf6 7.Bg2 Bc5 8.O-O d6
9.Nb3 Ba7 10.Bf4 e5 11.Bg5 Nbd7 12.Qd2 h6 13.Bxf6 Nxf6 14.Rad1 Bb8 15.f4 Qe7
16.Na5 O-O 17.Nc4 exf4 18.gxf4 Bg4 19.Rde1 Be6 20.Ne3 Ba7 21.Kh1 Bxe3 22.Rxe3 Bc4
23.Rd1 Rad8 24.a4 Rfe8 25.b3 Be6 26.h3 Kh8 27.Rd3 Nh5 28.f5 Bc8 29.Qf2 Qe5
30.Nd5 b5 31.Qh4 g6 32.Bf3 Qg3 33.Qxg3 Nxg3+ 34.Kg2 Nxe4 35.fxg6 fxg6 36.axb5 axb5
37.Nc7 Re5 38.Re1 Bxh3+ 39.Kh2 Bf5 40.Nxb5 Rxb5 41.Bxe4 Re5 42.Bxf5 Rxe1
43.Bxg6 Re2+ 44.Kh3 Rxc2 45.Bf7 Rf8 46.Bd5 Rc5 47.Kg4 Kg7  0-1

[Event "Sun Pawn Open"]
[Site "Ilichevsk UKR"]
[Date "2007.07.23"]
[Round "4"]
[White "Yukhno,A"]
[Black "Belosvetov,N"]
[Result "1/2-1/2"]
[WhiteElo "2138"]
[BlackElo "2325"]

1.e4 c5 2.Nf3 e6 3.d4 cxd4 4.Nxd4 a6 5.Nc3 Qc7 6.g3 Nf6 7.Bg2 Nc6 8.O-O Nxd4
9.Qxd4 Bc5 10.Qd3 h6 11.Kh1 d6 12.b3 Bd7 13.Bb2 Rc8 14.Ne2 b5 15.h3 Bc6 16.c4 Qb7
17.f3  1/2-1/2

[Event "XII Open"]
[Site "Balaguer ESP"]
[Date "2007.07.24"]
[Round "9"]
[White "Perpinya Rofes,L"]
[Black "Lymar,I"]
[Result "1-0"]
[WhiteElo "2400"]
[BlackElo "2274"]

1.e4 c5 2.Nf3 e6 3.d4 cxd4 4.Nxd4 a6 5.Nc3 Qc7 6.Be2 Nc6 7.O-O Nf6 8.Kh1 Be7
9.f4 d6 10.Be3 O-O 11.Qe1 Nxd4 12.Bxd4 b5 13.a3 Bb7 14.Qg3 Bc6 15.Rae1 Qb7
16.Bd3 a5 17.Nd1 d5 18.exd5 Bxd5 19.Ne3 Bc6 20.f5 Rad8 21.Be5 Kh8 22.Qh4 exf5
23.Bxf5 h6 24.Bd3 Ng8 25.Qg4 Bg5 26.h4 f6 27.hxg5 fxe5 28.Nf5 e4 29.Bxe4 Bxe4
30.Rxe4 Rd2 31.Rfe1 Qd7 32.Re6 Rxc2 33.gxh6 g6 34.Qxg6 Qh7 35.Qg7+ Qxg7 36.hxg7+  1-0

[Event "MTO"]
[Site "Biel SUI"]
[Date "2007.07.24"]
[Round "2"]
[White "Mokal,A"]
[Black "Vitiugov,N"]
[Result "0-1"]
[WhiteElo "2038"]
[BlackElo "2608"]

1.e4 c5 2.Nf3 e6 3.d4 cxd4 4.Nxd4 a6 5.Nc3 Qc7 6.g3 Bb4 7.Bd2 Nf6 8.Bg2 Nc6
9.Nb3 Be7 10.a4 b6 11.O-O d6 12.f4 Bb7 13.Be3 Rb8 14.Qe2 Nb4 15.Rad1 O-O
16.Rd4 d5 17.e5 Nd7 18.Rd2 Nc6 19.Qf2 Ba8 20.Ne2 Nc5 21.Nxc5 bxc5 22.Bxc5 Rxb2
23.Bxe7 Qxe7 24.Nd4 Nxd4 25.Qxd4 Rb4 26.Qa1 Qc5+ 27.Kh1 Bc6 28.c3 Rxa4 29.Qb2 Bb5
30.Rfd1 Rc8 31.Rc1 Ra3  0-1

[Event "29th Politiken Cup"]
[Site "Copenhagen DEN"]
[Date "2007.07.24"]
[Round "5"]
[White "Finnlaugsson,G"]
[Black "Kleiman,J"]
[Result "1/2-1/2"]
[WhiteElo "2116"]
[BlackElo "2312"]

1.e4 c5 2.Nf3 e6 3.d4 cxd4 4.Nxd4 a6 5.Nc3 Qc7 6.g3 Bb4 7.Ne2 Nf6 8.Bg2 Nc6
9.O-O Be7 10.a4 O-O 11.Nf4 Rd8 12.Qe2 Ne5 13.h3 d6 14.Rd1 Bd7 15.Nd3 Rac8
16.f4 Nxd3 17.cxd3 b5 18.axb5 axb5 19.Be3 b4 20.Na4 Qc2 21.Rd2 Qc6 22.Nb6 Rb8
23.Nxd7 Rxd7 24.Rc2 Qb5 25.d4 Qxe2 26.Rxe2 Rc8  1/2-1/2

[Event "Open NK"]
[Site "Dieren NED"]
[Date "2007.07.24"]
[Round "1"]
[White "Bitalzadeh,A"]
[Black "Otte,Mari"]
[Result "1/2-1/2"]
[WhiteElo "2390"]
[BlackElo "2134"]

1.e4 c5 2.Nc3 e6 3.Nf3 a6 4.d4 cxd4 5.Nxd4 b5 6.Bd3 Bb7 7.O-O d6 8.a4 b4
9.Na2 Nf6 10.Re1 d5 11.exd5 Qxd5 12.Nf3 Nc6 13.Bf4 Nd4 14.Be2 Nxe2+ 15.Qxe2 Qf5
16.Bd2 Bxf3 17.Qxf3 Qxf3 18.gxf3 a5 19.c3 bxc3 20.Nxc3 Bb4 21.Ne4 Bxd2 22.Nxd2 Ke7
23.Rec1 Nd5 24.Rc5 Rhc8  1/2-1/2

[Event "ch-ITA U20"]
[Site "Fiuggi ITA"]
[Date "2007.07.24"]
[Round "7"]
[White "Santagati,A"]
[Black "Bove,A"]
[Result "0-1"]
[WhiteElo "2141"]
[BlackElo "2173"]

1.d4 c5 2.e4 cxd4 3.Nf3 e6 4.Nxd4 a6 5.Nc3 Qc7 6.Be2 b5 7.Bf3 Bb7 8.O-O d6
9.Re1 Nf6 10.Bg5 Nbd7 11.Bh5 Qc4 12.Nd5 exd5 13.exd5+ Ne5 14.Bxf6 gxf6 15.f4 O-O-O
16.fxe5 dxe5 17.Qg4+ Kc7 18.Nb3 Qxg4 19.Bxg4 Bxd5 20.Bf5 Rg8 21.Be4 Be7 22.Bxd5 Rxd5
23.Rad1 Rgd8 24.Rxd5 Rxd5 25.c4 bxc4 26.Rc1 f5 27.Rxc4+ Kb6 28.Kf2 f4 29.Rc8 e4
30.Re8 Re5 31.Rb8+ Kc6 32.Ra8 Kb7 33.Rh8 h5 34.Rh7 Rf5 35.Ke2 f3+ 36.gxf3 exf3+
37.Kf1 Kb6 38.Rh6+ Kb7 39.Rh7 Kc8 40.Rh8+ Kd7 41.Ra8 Bh4 42.Ra7+ Kc8 43.Nd2 Rf6
44.Ne4 Re6 45.Ng3 Be7 46.Ra8+ Kb7 47.Re8 Bc5 48.Rxe6 fxe6 49.Nxh5 Kc6 50.Nf4 e5
51.Nd3 Bd4 52.b3 e4 53.Nb4+ Kd6 54.Nxa6 e3  0-1

[Event "Najdorf Mem GpA"]
[Site "Grodzisk Mazowiecki POL"]
[Date "2007.07.24"]
[Round "5"]
[White "Leniart,A"]
[Black "Alvarado,C"]
[Result "1-0"]
[WhiteElo "2357"]
[BlackElo "2191"]

1.e4 c5 2.Nf3 e6 3.d4 cxd4 4.Nxd4 a6 5.Nc3 b5 6.Bd3 Qc7 7.O-O d6 8.a4 b4
9.Na2 e5 10.Nb3 Nc6 11.c3 a5 12.cxb4 axb4 13.Bd2 Nf6 14.Rc1 d5 15.Bb5 Bd7
16.Nxb4 Bxb4 17.Bxb4 Qb6 18.Bc5 Qb7 19.Ba3 Nxe4 20.Qxd5 Nf6 21.Bxc6 Bxc6
22.Qxe5+ Kd8 23.Qd6+  1-0

[Event "Najdorf Mem GpA"]
[Site "Grodzisk Mazowiecki POL"]
[Date "2007.07.24"]
[Round "5"]
[White "Szoen,D"]
[Black "Vovk,Y"]
[Result "1-0"]
[WhiteElo "2452"]
[BlackElo "2557"]

1.e4 c5 2.Nc3 e6 3.Nf3 a6 4.d4 cxd4 5.Nxd4 Qc7 6.Be2 b5 7.O-O Bb7 8.Bf3 Nc6
9.Nxc6 dxc6 10.a4 Bd6 11.g3 Be5 12.Bg2 Rd8 13.Qe2 Nf6 14.f4 Bd4+ 15.Be3 b4
16.Bxd4 Rxd4 17.e5 Nd7 18.Ne4 O-O 19.Nd6 Ba8 20.c3 bxc3 21.bxc3 Rd5 22.Qxa6 Ra5
23.Qe2 Nb6 24.f5 exf5 25.Rxf5 Nxa4 26.Raf1 Nxc3 27.Qc4 Nd5 28.Nxf7 Rb8 29.Qg4 Qa7+
30.Kh1 g6 31.Nh6+ Kh8 32.Rf8+ Rxf8 33.Rxf8+ Kg7 34.Rg8+  1-0

[Event "Najdorf Mem GpA"]
[Site "Grodzisk Mazowiecki POL"]
[Date "2007.07.24"]
[Round "5"]
[White "Deszczynski,A"]
[Black "Tokarski,L"]
[Result "1-0"]
[WhiteElo "2351"]
[BlackElo "2168"]

1.e4 c5 2.Nf3 e6 3.d4 cxd4 4.Nxd4 a6 5.Nc3 Qc7 6.g3 Bb4 7.Bd2 Nc6 8.Nb3 Nf6
9.Bg2 Be7 10.O-O O-O 11.f4 d6 12.a4 b6 13.g4 Bb7 14.g5 Nd7 15.Qe2 Nb4 16.f5 Rae8
17.fxe6 fxe6 18.Bh3 Bd8 19.Be3 Nc6 20.Qc4 Rxf1+ 21.Rxf1 Nf8 22.Nd4 Nxd4 23.Qxd4 Qc5
24.Qxc5 dxc5 25.a5 b5 26.Bxc5 Nd7 27.Bb4 Bxg5 28.Nd5 Nf6 29.Nc7 Be3+ 30.Kg2 Bxe4+
31.Kg3 Rd8 32.Bxe6+ Kh8 33.Be7 Rd2 34.Rxf6 Rg2+ 35.Kh3 gxf6 36.Bxf6+ Rg7
37.Bxg7+ Kxg7 38.Nxa6 Kf6 39.Bc8 Ke5 40.Nb4 Kd6 41.a6 Kc7 42.Bb7 Bxb7 43.axb7 Kxb7
44.Kg4 Bd4 45.b3 Kb6 46.Kf5 Kc5 47.Nd3+ Kd5 48.Nf4+ Kd6 49.h4  1-0

[Event "ch-ITA w"]
[Site "Fiuggi ITA"]
[Date "2007.07.25"]
[Round "8"]
[White "Brunello,M"]
[Black "Panella,F"]
[Result "0-1"]
[WhiteElo "1945"]
[BlackElo "1968"]

1.e4 c5 2.Nf3 e6 3.d4 cxd4 4.Nxd4 a6 5.Nc3 Qc7 6.Bd3 Nf6 7.O-O Nc6 8.Be3 Be7
9.Qe2 d6 10.f4 O-O 11.a3 Bd7 12.Rae1 b5 13.Nf3 b4 14.axb4 Nxb4 15.Bc1 Nxd3
16.Qxd3 Bc6 17.Nd4 Bb7 18.f5 e5 19.Nb3 d5 20.Nxd5 Nxd5 21.exd5 a5 22.Rf3 a4
23.Nd2 Qc5+ 24.Kh1 Bxd5 25.Rh3 Qf2 26.Rg1 Bc5 27.Qf1 Qxg1+ 28.Qxg1 Bxg1 29.Kxg1 Rfd8
30.Re3 f6 31.Kf2 g6 32.fxg6 hxg6 33.g3 Rac8 34.c3 Kf7 35.Ke2 Rd7 36.Ke1 Ke6
37.Kf2 f5 38.Ke1 g5 39.Kf1 Rh8 40.Re2 f4  0-1

[Event "11th Festival Open A"]
[Site "Senta SRB"]
[Date "2007.07.25"]
[Round "6"]
[White "Vlaovic,D"]
[Black "Ikras,D"]
[Result "1/2-1/2"]
[WhiteElo "2268"]
[BlackElo "2126"]

1.e4 c5 2.Nf3 e6 3.d4 cxd4 4.Nxd4 a6 5.Nc3 Qc7 6.Bd3 Nc6 7.Be3 b5 8.O-O Bb7
9.Kh1 Nf6 10.f4 h5 11.Nxc6 Qxc6  1/2-1/2

[Event "IGM"]
[Site "Stara Pazova SRB"]
[Date "2007.07.26"]
[Round "2"]
[White "Berescu,A"]
[Black "Popov,L"]
[Result "1/2-1/2"]
[WhiteElo "2511"]
[BlackElo "2307"]

1.e4 c5 2.Nf3 e6 3.d4 cxd4 4.Nxd4 a6 5.Nc3 b5 6.Bd3 Ne7 7.f4 Nec6 8.Nf3 d6
9.O-O Be7 10.Qe1 Nb4 11.Qg3 Nxd3 12.cxd3 O-O 13.f5 Nc6 14.d4 Bf6 15.Be3 b4
16.Ne2 exf5 17.e5 Be7 18.Bh6 g6 19.Rac1 Bb7 20.Ng5 Qb6 21.Kh1 dxe5 22.dxe5 Qb5  1/2-1/2

[Event "Open NK"]
[Site "Dieren NED"]
[Date "2007.07.28"]
[Round "5"]
[White "Bosch,Je"]
[Black "De Jong,M"]
[Result "1/2-1/2"]
[WhiteElo "2435"]
[BlackElo "2286"]

1.e4 c5 2.Nf3 e6 3.d4 cxd4 4.Nxd4 a6 5.Nc3 Qc7 6.Bd3 Nf6 7.O-O Nc6 8.Nxc6 dxc6
9.f4 e5 10.Kh1 Bd6 11.f5 b5 12.a4 Rb8 13.Qe2 Bc5 14.Nd1 Bd7 15.Bd2 Qd6 16.axb5 axb5
17.Ne3 h6 18.Rad1 Qe7 19.Ng4 Nxg4 20.Qxg4 Qf6 21.Be1 g5 22.Qg3 Bd4 23.Be2 h5
24.Bxh5 Bxb2 25.Bg4 Rb7 26.Bb4 Qh6 27.c3 f6 28.h3 c5 29.Bxc5 Qh4 30.Qxh4 Rxh4
31.Bb4 Rc7 32.Rf3 Bc6 33.Rf2 Bxc3 34.Bxc3 Bxe4 35.Rfd2 Bc6 36.Rd8+ Kf7 37.Be1 Rh7
38.Ra1 Ke7 39.Rb8 Bb7 40.Kh2 Kd6 41.Rd8+ Rhd7  1/2-1/2

[Event "Open NK"]
[Site "Dieren NED"]
[Date "2007.07.28"]
[Round "5"]
[White "Burg,T"]
[Black "Siebrecht,S"]
[Result "0-1"]
[WhiteElo "2301"]
[BlackElo "2431"]

1.e4 c5 2.Nf3 e6 3.d4 cxd4 4.Nxd4 a6 5.Nc3 Qc7 6.Bd3 Nf6 7.Qe2 Bd6 8.g3 Nc6
9.Nxc6 dxc6 10.f4 e5 11.f5 b5 12.g4 h6 13.a4 Bb7 14.Be3 Rc8 15.Qg2 Qe7 16.h3 Bc5
17.Bd2 Bd4 18.Kd1 c5 19.axb5 c4 20.bxa6 cxd3 21.axb7 Qxb7 22.Kc1 Rb8 23.Rb1 Bxc3
24.Bxc3 Nxe4 25.Bxe5 O-O 26.Rh2 Rbc8 27.Bc3 Rfd8 28.Qh1 Nxc3 29.Qxb7 Na2+
30.Kd2 dxc2+ 31.Ke3 cxb1=Q 32.Kf4 Rc4+ 33.Ke5 Qe1+ 34.Qe4 Rxe4+  0-1

[Event "Najdorf Mem GpA"]
[Site "Grodzisk Mazowiecki POL"]
[Date "2007.07.28"]
[Round "9"]
[White "Szymanski,A2"]
[Black "Adamski,J"]
[Result "0-1"]
[WhiteElo "2251"]
[BlackElo "2354"]

1.e4 c5 2.Nf3 e6 3.Nc3 a6 4.d4 cxd4 5.Nxd4 d6 6.Be3 b5 7.Qd2 Bb7 8.f3 Ne7
9.a4 bxa4 10.Rxa4 Nec6 11.Nb3 Be7 12.Be2 O-O 13.O-O Nd7 14.Rfa1 Nc5 15.Nxc5 dxc5
16.Nb1 Qc7 17.Bxa6 Bxa6 18.Rxa6 Rxa6 19.Rxa6 Rd8 20.Qe2 Nd4 21.Qc4 Qb7 22.Ra2 Nxf3+
23.gxf3 Rd1+ 24.Kg2 Rxb1 25.Qa4 h6 26.Qe8+ Kh7 27.Qxf7 Qd7 28.b3 Re1 29.Bf4 Re2+
30.Kh3 e5+ 31.Qf5+ Qxf5+ 32.exf5 exf4 33.Ra7 Bf6 34.c4 h5 35.Rc7 Rf2 36.Rxc5 Rxf3+
37.Kg2 Rxb3 38.Rc8 f3+ 39.Kf1 Bd4 40.Re8 f2  0-1

[Event "Sun Pawn Open"]
[Site "Ilichevsk UKR"]
[Date "2007.07.28"]
[Round "8"]
[White "Gritsenko,N"]
[Black "Peskov,A"]
[Result "1/2-1/2"]
[WhiteElo "2352"]
[BlackElo "2381"]

1.e4 c5 2.Nf3 e6 3.d4 cxd4 4.Nxd4 a6 5.Nc3 Qc7 6.g3 Bb4 7.Bd2 Nf6 8.Bg2 O-O
9.O-O Be7 10.Qe2 d6 11.a4 Nc6 12.Nb3 b6 13.f4 Bb7 14.g4 Rfe8 15.g5 Nd7 16.Be3 Bf8
17.Rad1 Rad8 18.Rf3 g6 19.Qf2 Bg7 20.Rh3 Nb4 21.Qh4 Nf8 22.Qf2 Nd7  1/2-1/2

[Event "Czech Open GMA"]
[Site "Pardubice CZE"]
[Date "2007.07.28"]
[Round "9"]
[White "Ivanov,Al3"]
[Black "Muzychuk,M"]
[Result "1-0"]
[WhiteElo "2421"]
[BlackElo "2330"]

1.e4 c5 2.Nf3 e6 3.d4 cxd4 4.Nxd4 a6 5.Nc3 b5 6.Bd3 Bb7 7.O-O d6 8.Re1 Nd7
9.a4 b4 10.Na2 a5 11.c3 bxc3 12.Nxc3 Ngf6 13.Bb5 Be7 14.Nc6 Bxc6 15.Bxc6 Rc8
16.Bb5 O-O 17.Bf4 Nb6 18.Qf3 d5 19.e5 Nfd7 20.Qg4 Kh8 21.Re3 f6 22.exf6 Nxf6
23.Qxe6 Ne4 24.Nxe4 Rxf4 25.Nd2 Bc5 26.Rf3 Qf8 27.h3 Bxf2+ 28.Kxf2 Qb4 29.Rxf4 Qxf4+
30.Nf3 Rc2+ 31.Kg1  1-0

[Event "IMA"]
[Site "Dimitrov RUS"]
[Date "2007.07.31"]
[Round "18"]
[White "Chernobay,A"]
[Black "Puchkov,A"]
[Result "1-0"]
[WhiteElo "2409"]
[BlackElo "2252"]

1.e4 c5 2.Nf3 e6 3.Nc3 a6 4.d4 cxd4 5.Nxd4 Qc7 6.g3 Bb4 7.Bd2 Nc6 8.Nxc6 dxc6
9.Bg2 e5 10.O-O Bd6 11.a4 a5 12.h3 Nf6 13.Be3 O-O 14.f4 b6 15.Kh1 Ba6 16.Rf2 Rfd8
17.Qf3 Nd7 18.Rd1 f6 19.Rfd2 Nc5 20.f5 Bf8 21.Bf1 Bxf1 22.Qxf1 Rxd2 23.Rxd2 Rd8
24.Qc4+ Kh8 25.Rxd8 Qxd8 26.Kg2 g6 27.fxg6 hxg6 28.Qf7 g5 29.Kf3 Qe7 30.Qxe7 Bxe7
31.Kg4 Kg7 32.Kf5 Kf7 33.Bxc5 Bxc5 34.h4 gxh4 35.gxh4 Bd4 36.Nd1 b5 37.c3 Bg1
38.b3 Bh2 39.Nb2 Bg1 40.h5 Be3 41.c4 bxa4 42.bxa4 Bd4 43.Nd3 Be3 44.Ne1 Bc1
45.Nc2 Bd2 46.Na1 Kg7 47.Nb3 Bc3 48.Nc5 Kh6 49.Kxf6 Kxh5 50.Kf5 Kh6 51.Nd7 Kg7
52.Nxe5 c5 53.Ke6  1-0

[Event "94th ch-GBR"]
[Site "Great Yarmouth ENG"]
[Date "2007.07.31"]
[Round "2"]
[White "Bellin,R"]
[Black "De Coverly,R"]
[Result "1/2-1/2"]
[WhiteElo "2403"]
[BlackElo "2086"]

1.e4 c5 2.Nf3 e6 3.Nc3 a6 4.d4 cxd4 5.Nxd4 d6 6.Be3 Nc6 7.Be2 Nf6 8.f4 Be7
9.O-O O-O 10.a4 Bd7 11.Kh1 Qc7 12.Nb3 b6 13.g4 Nb4 14.Bf3 d5 15.exd5 Nfxd5
16.Nxd5 Nxd5 17.Bxd5 exd5 18.Bd4 Bf6 19.f5  1/2-1/2

[Event "Open NK"]
[Site "Dieren NED"]
[Date "2007.08.01"]
[Round "8"]
[White "Schilt,K"]
[Black "Van Bohemen,C"]
[Result "0-1"]
[WhiteElo "2108"]
[BlackElo "2104"]

1.e4 c5 2.Nf3 e6 3.d4 cxd4 4.Nxd4 a6 5.Nc3 Nc6 6.Be3 Qc7 7.Bd3 Nf6 8.O-O b5
9.Re1 Bb7 10.Nxc6 Bxc6 11.a3 h5 12.h3 Bd6 13.Qd2 Bh2+ 14.Kf1 h4 15.Bd4 Be5
16.Bxe5 Qxe5 17.f4 Qc5 18.Qf2 Qxf2+ 19.Kxf2 Rc8 20.g4 hxg3+ 21.Kxg3 Ke7 22.Rh1 Nh5+
23.Kf3 f5 24.Ke3 fxe4 25.Nxe4 d5 26.Ng5 d4+ 27.Kxd4 Bxh1 28.Rxh1 Nxf4 29.Rf1 Rh5
30.Rxf4 Rxg5 31.a4 e5+  0-1

[Event "Open"]
[Site "Olomouc CZE"]
[Date "2007.08.02"]
[Round "1"]
[White "Navratil,Ji3"]
[Black "Jurcik,Mart"]
[Result "0-1"]
[WhiteElo "1861"]
[BlackElo "2324"]

1.e4 c5 2.Nf3 e6 3.d4 cxd4 4.Nxd4 a6 5.Nc3 Qc7 6.f3 Nf6 7.Be3 Bb4 8.Qd2 d5
9.Bd3 e5 10.Nb3 d4 11.Nxd4 exd4 12.Bxd4 Be6 13.Qg5 Nbd7 14.O-O Bc5 15.Ne2 Bxd4+
16.Nxd4 Qc5 17.Qe3 Ne5 18.Kh1 Rd8 19.Qg5 Qxd4 20.Qxg7 Nxd3  0-1